Watermelon Sugar - Harry Styles (All Lyrics) - Statistics

General Stats
  • This quiz has been taken 159 times
  • The average score is 194 of 231
Answer Stats
Lyrics % Correct
watermelon
99%
I
98%
sugar
98%
(sugar)
98%
a
94%
taste
91%
like
90%
high
89%
it
89%
on
88%
summer
88%
evenin'
85%
just
85%
and
84%
so
84%
want
83%
go
81%
in
81%
feelin'
80%
strawberries
80%
you
80%
me
79%
don't
78%
tastes
77%
your
77%
could
75%
if
75%
know
75%
out
75%
ever
74%
without
74%
song
72%
that
72%
berries
68%
breathe
68%
wanna
67%
belly
64%
more
64%
sounds
64%
the
62%
i'm
59%
it's
57%
you're
56%
thinking
52%
warm
51%
wonderful
51%
loud
48%
baby,
47%
of
42%
june
38%
end
33%
away
26%
getting
23%
washed
19%
No matching quizzes found
Score Distribution
Percent of People with Each Score
Percentile by Number Answered
Your Score History
You have not taken this quiz